000
00246nam a2200109Ia 4500
008
220216s9999 xx 000 0 und d
245
0
_a
High quality cold rubber
260
_b
Planter
_c
1953
300
_a
247
650
_a
Cold rubber
942
_c
JS
999
_c
60399
_d
60399